Personnel management and Industrial relations : (Record no. 5832)
[ view plain ]
| 000 -LEADER | |
|---|---|
| fixed length control field | 00622cam a2200181ua 4500 |
| 008 - FIXED-LENGTH DATA ELEMENTS--GENERAL INFORMATION | |
| fixed length control field | 140308n ii |||gr||||Z||||||eng |
| 040 ## - CATALOGING SOURCE | |
| Transcribing agency | MAIN |
| 082 ## - DEWEY DECIMAL CLASSIFICATION NUMBER | |
| Classification number | 658.3 |
| 245 ## - TITLE STATEMENT | |
| Title | Personnel management and Industrial relations : |
| Remainder of title | Its nature and practice in India, applied limb of human resources management / |
| Statement of responsibility, etc. | By Biswanath ghosh . |
| 250 ## - EDITION STATEMENT | |
| Edition statement | 5th rev & enl ed. |
| 260 ## - PUBLICATION, DISTRIBUTION, ETC. | |
| Place of publication, distribution, etc. | Calcutta: |
| Name of publisher, distributor, etc. | The world press private limited, |
| Date of publication, distribution, etc. | 1993. |
| 300 ## - PHYSICAL DESCRIPTION | |
| Extent | xiii,473p. |
| 700 ## - ADDED ENTRY--PERSONAL NAME | |
| Personal name | Ghosh,Biswanath, |
| Relator term | |
| 942 ## - ADDED ENTRY ELEMENTS (KOHA) | |
| Koha item type | Books |
| 653 ## - INDEX TERM--UNCONTROLLED | |
| Uncontrolled term | General management |
| 653 ## - INDEX TERM--UNCONTROLLED | |
| Uncontrolled term | Personnel management and Industrial relations : |
| Withdrawn status | Lost status | Damaged status | Not for loan | Home library | Current library | Shelving location | Date acquired | Total Checkouts | Full call number | Barcode | Date last seen | Copy number | Price effective from | Koha item type |
|---|---|---|---|---|---|---|---|---|---|---|---|---|---|---|
| Central Library, Naharkatiya College | Central Library, Naharkatiya College | General Stacks | 19/09/2020 | 658.3 | GHO | 13355 | 19/09/2020 | 2 | 19/09/2020 | Books | |||||
| Central Library, Naharkatiya College | Central Library, Naharkatiya College | General Stacks | 19/09/2020 | 658.3 | GHO | 13356 | 19/09/2020 | 1 | 19/09/2020 | Books |
